000 00863nam a2200265Ia 4500
003 OSt
005 20221005060928.0
006 a|||||r|||| 00| 0
007 ta
008 221004b |||||||| |||| 00| 0 eng d
020 _a9780415687416 (pbk)
_c2988.19
024 _a12158
037 _b892, 27/03/2014, Bright Book Service
_cTextual
040 _aCRL
_cCRL
_beng
041 _2eng
_aeng
082 _aS3:53-86, Q4
100 _aDanquah Adam N. Ed.
_9599984
245 0 _aAttachment theory in adult mental helath
_b Guide to clinical practice
260 _aLondon
_bRoutledge UK
_c2014
300 _axx, 248p.
_ccm.
650 _aPSYCHOLOGY
700 _a Berry Katherine Ed.
_9599985
942 _hS3:53-86, Q4
_cTEXL
_2cc
999 _c967431
_d967431